| 000 | 00365nam a2200097Ia 4500 | ||
|---|---|---|---|
| 008 | 180130s9999 xx 000 0 und d | ||
| 245 |
_cIden, Jon; Methlie, Leif B. _aThe drivers of services on next-generation communication |
||
| 260 | _c2015 | ||
| 300 | _aBook title: Elements of data communication--Acession number C20540; pages 1 - 24 | ||
| 650 | _aDATA COMMUNICATION | ||
| 999 |
_c353854 _d353854 |
||